000 00824nam a2200253 i 4500
003 DO-SdBNP
005 20250704091546.0
007 ta
008 250704b2012 dr c|||| |||| 00| 0 spa d
040 _aDO-SdBNP
_bspa
_cBNPHU
_erda
082 4 _axxx
_bxxx
_222
100 _aPuente y Julia, Rosario
_eautor
_985970
_4aut.
245 1 3 _aLa guerra, mi hijo y yo /
_cRosario Puente y Julia ; prólogo, Ofelia Rodríguez Acosta
250 _aTercera edición
264 1 _aSanto Domingo :
_bEdiciones Tolle, Lege,
_c2012.
300 _a411 páginas ;
_c21 cm.
336 _atexto
_btxt
_2rdacontent
337 _asin mediación
_bn
_2rdamedia
338 _avolumen
_bnc
_2rdacarrier
590 _aInventariado, 2025/BT
700 1 _aRodríguez Acosta, Ofelia,
_eprologuista
_984851
_4pr.
910 _aBtavárez
942 _2ddc
_cLBS1
999 _c59425
_d59425